000 00631nas a2200229 4500
001 BR8707916
003 BR-BrBNA
005 20231205090949.0
007 ta
008 230509b bl.|||p| |||| 00| 00por d
040 _aBR-BrBNA
_bpor
_cBiblioteca Nacional de Agricultura
041 _a(Pt)
072 _aF01
100 1 _aCicero, S.M.
245 1 _aA heveicultura no Estado de Sao Paulo
650 _aHEVEICULTURA
650 _aSERINGUEIRA
650 _aSAO PAULO
773 0 _tSolo (Brazil)
_xISSN 0584-0821
_g(Jan-Dec 1986), v. 78(1) p. 6
_wBR8707916
909 _a202311
_bLúcia
_c55
_dLúcia Elande
942 _2AGRIS
_n0
_cANA
999 _c121920
_d121920